书目信息 |
| 题名: |
地球构造圈
|
|
| 作者: | Белоусв , 别洛乌索夫 主编 ;林彻 译 | |
| 分册: | ||
| 出版信息: | 北京 地震出版社 1983 |
|
| 页数: | 476页 | |
| 开本: | 25cm | |
| 丛书名: | ||
| 单 册: | ||
| 中图分类: | P541 | |
| 科图分类: | ||
| 主题词: | 地球-构造圈 , 构造圈-地球 | |
| 电子资源: | ||
| ISBN: | ||
| 000 | 00858nam0 2200289 45 | |
| 001 | 0183006000 | |
| 005 | 20060809103154.56 | |
| 010 | @dCNY4.65 | |
| 091 | @a13180.200 | |
| 100 | @a19950808d1983 em y0chiy0121 ea | |
| 101 | 1 | @achi@crus |
| 102 | @aCN@b110000 | |
| 105 | @ay z 000yy | |
| 200 | 10 | @a地球构造圈@Adi qiu gou zao quan@f(苏)别洛乌索夫(В.В.Белоусов)主编@g林彻译 |
| 210 | @a北京@c地震出版社@d1983 | |
| 215 | @a476页@d25cm | |
| 300 | @a书名原文:Тектоносфера земли | |
| 510 | 1 | @aТектоносфера земли@zrus |
| 606 | @a地球-构造圈 | |
| 606 | @a构造圈-地球 | |
| 690 | @aP541@v3 | |
| 701 | A1 | @aБелоусв@bВ.В.@4主编 |
| 701 | 1 | @a别洛乌索夫@Abie luo wu suo fu@bВ.В@4主编 |
| 702 | 0 | @a林彻@Alin che@4译 |
| 801 | 2 | @aCN@bNLC@c20060809 |
| 801 | 0 | @aCN@bTSSF |
| 905 | @a10447@dP541@e88 | |
| 地球构造圈/(苏)别洛乌索夫(В.В.Белоусов)主编/林彻译.-北京:地震出版社,1983 |
| 476页;25cm |
| 书名原文:Тектоносфера земли |
| ISBN :CNY4.65 |
| ● |
| 相关链接 |
|
|
|
|
正题名:地球构造圈
索取号:P541/88
 
预约/预借
| 序号 | 登录号 | 条形码 | 馆藏地/架位号 | 状态 | 备注 |
| 1 | 0451874 | 204518744 | 密集书库/ [索取号:P541/88] | 在馆 | |
| 2 | 0451875 | 204518753 | 密集书库/ [索取号:P541/88] | 在馆 | |
| 3 | 0451876 | 204518762 | 密集书库/ [索取号:P541/88] | 在馆 |